El hombre futuro : ¿un mundo feliz o pesadilla genética? /

Guardado en:
书目详细资料
主要作者: Stableford, Brian M. (autor)
其他作者: Asimov, Isaac (introducción) (introducción)
格式: 图书
语言:西班牙语
出版: Barcelona, España : Orbis, 1984, c1984
丛编:(Biblioteca de Divulgación Científica Muy Interesante ; 87)
主题:
标签: 添加标签
没有标签, 成为第一个标记此记录!

MARC

LEADER 00000nam^a2200000^a^4500
001 000355224
005 20250521000000.0
009 20260310115159.533
020 |a 84-7634-829-0 
020 |a 84-7634-828-2 
025 |a Donación Juan Diego Castillo, 1 ejemplar 
037 |a Acervo ITESO - Biblioteca 
041 |a ESP 
082 |a 500.  |b BIB V. 87 
100 |a Stableford, Brian M.  |e (autor) 
240 1 4 |a [El hombre futuro] 
245 1 3 |a El hombre futuro :  |b ¿un mundo feliz o pesadilla genética? /  |c B.M. Stableford ; introd. de I. Asimov. 
264 4 |a Barcelona, España :  |b Orbis,  |c 1984, c1984 
300 |a 191 p. 
336 |a texto  |b txt  |2 rdacontenido 
337 |a sin mediación  |b n  |2 rdamedio 
338 |a volumen  |b nc  |2 rdasoporte 
440 1 |a (Biblioteca de Divulgación Científica Muy Interesante ;  |v 87) 
500 |a Traducción de: Future Man. Brave New World of Genetic Nightmare? 
561 |a Ex libris de Juan Diego Castillo 
649 |a XX 
650 |a Ecosistemas 
650 |a Enfermedades 
650 |a ADN Recombinante 
650 |a Biotecnología -  |x Investigación 
650 |a Biotecnología -  |x Tema Principal 
650 |a Ingeniería Biomédica 
650 |a Ingeniería Genética -  |x Tema Principal 
700 |a Asimov, Isaac  |e (introducción) 
910 |a Fondo Castillo-Martínez 
920 |a Impresos - Libros 
930 |a Fondos Especiales 
905 |a 127 
901 |a 0500247785  |b IT2  |c ESP  |i D  |u 20250521 
902 |a https://opac.biblio.iteso.mx/vufind/Record/000355224